Statistics for Royalty Tudor Queen Consort Quiz: Anne Boleyn

Click here to take the quiz!

General Stats

  • This quiz has been taken 400 times
  • The average score is 8 of 15

Answer Stats

HintAnswer% Correct
Name their daughter, born 1533Elizabeth
94%
What country did the executioner come fromFrance
84%
What weapon did the executioner useSword
80%
What year was her marriage annulled1536
73%
What year did she and Henry secretly marry1533
71%
What famous English family did her mother come fromHoward
63%
What year did she return to England1522
62%
Name her family's castle home in KentHever Castle
61%
Which member of the Tudor family did she serve in the French CourtMary Tudor
59%
With whom was she secretly betrothed prior to catching the King's eyeHenry Percy
42%
What illness did she nearly did from in 1528Sweating Sickness
39%
How many men were executed, after being accused with her of treasonFive
35%
What famous English poet admired her greatlyThomas Wyatt
32%
Who did she first serve in EuropeMargaret of Austria
27%
Name the church in the Tower of London where she is buriedChurch of St Peter ad Vincula
21%

Score Distribution

Percentile by Number Answered

Percent of People with Each Score

Your Score History

You have not taken this quiz